000
00321nam a2200121 a 4500
005
20201002052845.0
008
150811s2004 000 spa d
022
_a
9945400134
100
_a
Sánchez, Olimpia
_9
74438
245
0
_a
Lengua : educación media.
260
_a
Actualidad Escolar 2000,
_c
s. f.
999
_c
45908
_d
45908
040
_a
DO-SdBNP